000 00559nam a2200253Ia 4500
003 OSt
005 20220912152232.0
006 a|||||r|||| 00| 0
007 ta
008 220909b |||||||| |||| 00| 0 eng d
024 _a56753
037 _cTextual
040 _aCSL
_beng
_cCSL
041 _aeng
082 _aL:68, H1
100 _aCooper J W
245 0 _aTutorial pharmacy
250 _a3
260 _c1941
300 _ap.
_ccm.
650 _aMedicine
942 _hL:68, H1
_cTEXL
_2CC
999 _c82629
_d82629